Quarterly property index. - Spring 1988 - Winter 1988/89. (Record no. 95623)

MARC details
000 -LEADER
fixed length control field 00589cam a2200229 4500
001 - CONTROL NUMBER
control field J146
008 - FIXED-LENGTH DATA ELEMENTS--GENERAL INFORMATION
fixed length control field 090401t xxu||||| |||| 00| 0 eng d
035 ## - SYSTEM CONTROL NUMBER
System control number (Sirsi) u73518
041 ## - LANGUAGE CODE
Language code of text/sound track or separate title eng
050 ## - LIBRARY OF CONGRESS CALL NUMBER
Classification number 333.33016
110 ## - MAIN ENTRY--CORPORATE NAME
Corporate name or jurisdiction name as entry element Weatherall Green and Smith
9 (RLIN) 2055
245 ## - TITLE STATEMENT
Title Quarterly property index. - Spring 1988 - Winter 1988/89.
260 ## - PUBLICATION, DISTRIBUTION, ETC.
Place of publication, distribution, etc. London
Name of publisher, distributor, etc. Weatherall Green and Smith
Date of publication, distribution, etc. 1988-89
300 ## - PHYSICAL DESCRIPTION
Extent 4 pt. ; 30cm.
350 ## - PRICE (NR) (BK AM CF MU VM SE) [OBSOLETE]
Price 0
650 ## - SUBJECT ADDED ENTRY--TOPICAL TERM
Topical term or geographic name entry element INDUSTRIAL PROPERTY
650 ## - SUBJECT ADDED ENTRY--TOPICAL TERM
Topical term or geographic name entry element OFFICES
650 ## - SUBJECT ADDED ENTRY--TOPICAL TERM
Topical term or geographic name entry element PROPERTY INDEXES
650 ## - SUBJECT ADDED ENTRY--TOPICAL TERM
Topical term or geographic name entry element SHOPS
942 ## - ADDED ENTRY ELEMENTS (KOHA)
Suppress in OPAC 0
948 ## - LOCAL PROCESSING INFORMATION (OCLC); SERIES PART DESIGNATOR (RLIN)
c (OCLC) 04/03/1997
Holdings
Withdrawn status Lost status Source of classification or shelving scheme Damaged status Not for loan Home library Current library Shelving location Date acquired Total Checkouts Full call number Barcode Date last seen Copy number Price effective from Koha item type
    Dewey Decimal Classification     London London Property market reports 17/09/1991   LIBRARY ANNEXE 30026949 06/08/2019 1 06/08/2019 Book
    Dewey Decimal Classification     London London Property market reports 17/09/1991   LIBRARY ANNEXE 30026950 06/08/2019 2 06/08/2019 Book
    Dewey Decimal Classification     London London Property market reports 17/09/1991   LIBRARY ANNEXE 30026951 06/08/2019 3 06/08/2019 Book
    Dewey Decimal Classification     London London Property market reports 17/09/1991   LIBRARY ANNEXE 30026952 06/08/2019 4 06/08/2019 Book